| 000 | 00875nam a22002535a 4500 | ||
|---|---|---|---|
| 005 | 20170111150514.0 | ||
| 008 | 170111s2016 gw a frb 000 0 eng d | ||
| 020 | _a9783659821639 | ||
| 040 |
_aEG-ScBUE _beng _cEG-ScBUE _dEG-ScBUE |
||
| 043 | _af-ua--- | ||
| 082 | 0 | 4 |
_a659.130820962 _bSAM _222 |
| 100 | 1 | _aSamy, Christine. | |
| 245 | 1 | 0 |
_aStereotyping and sexism in advertising : _ban emphasis on the portrayal of women in Egypt / _cChristine Samy. |
| 260 |
_aSaarbrücken : _bLAP LAMBERT Academic Publishing, _c2016. |
||
| 300 |
_a67 p. : _bill. ; _c24 cm. |
||
| 504 | _aBibliography : p. 58-66. | ||
| 590 | _aComposed by BUE staff. | ||
| 650 | 7 |
_aWomen in advertising. _zEgypt. _2BUEsh |
|
| 650 | 7 |
_aWomen _zEgypt. _2BUEsh |
|
| 650 | 7 |
_aAdvertising _xMoral and ethical aspects _zEgypt. _2BUEsh |
|
| 651 | _2BUEsh | ||
| 653 |
_bCOMAME _bGGEN _cJanuary2017 |
||
| 942 | _2ddc | ||
| 999 |
_c23883 _d23855 |
||